| 000 | 00595nab a2200193 a 4500 | ||
|---|---|---|---|
| 005 | 20210219160951.0 | ||
| 008 | 991125s1985 mx 000 0 spa u | ||
| 035 | _aUPN01000176124 | ||
| 100 | 1 | _aGarcía Rodríguez, Martha Leticia | |
| 222 | _aINNOVACION EDUCATIVA | ||
| 245 | _aConstrucción del concepto de variación con apoyo de una herramienta computacional | ||
| 260 | _aMéxico | ||
| 300 | _a19-25 | ||
| 362 | 0 | _a2009 Vol. 9, no. 48, jul.-sept. | |
| 653 | 0 | _aNUEVAS TECNOLOGIAS | |
| 653 | 0 | _aPROCESO ENSEÑANZA-APRENDIZAJE | |
| 653 | 0 | _aMODELOS MATEMATICOS | |
| 905 | _aArticulo | ||
| 999 |
_c148227 _d148227 |
||